Sorties Rocade de Grenoble - Statistiques

Statistiques générales
  • Ce quiz a été pris 94 fois
  • Le résultat moyen est 12 sur 36
Statistiques - réponses
Numéro des Sorties Nom des Sorties % Correct
Sortie n°5 Grenoble-Centre - Eybens - Bresson
80%
Sortie n°3 Grenoble-Centre - Seyssinet-Pariset
72%
Sortie n°7 Echirolles-Centre - Grenoble-Villeneuve
70%
Sortie n°8 Grenoble-Centre - Echirolles-Sud
66%
Sortie n°2 Gières - Uriage
64%
Sortie n°4 Grenoble-Les Eaux-Claires
62%
Sortie n°2 Fontaine-Centre
53%
Sortie n°7 Pont-de-Claix
53%
Sortie n°26 Meylan
50%
Sortie n°27 Meylan-Mi-Plaine
50%
Sortie n°1 Sassenage
47%
Sortie n°13 Voreppe
43%
Sortie n°18 Voreppe (Saint-Martin-le-Vinoux)
43%
Sortie n°9 Claix
41%
Sortie n°12 Vif
41%
Sortie n°10 Varces
39%
Sortie n°6 Espace Comboire
34%
Sortie n°24 Crolles
30%
Sortie n°1 Domaine Universitaire
30%
Sortie n°8 Gap (Vizille)
30%
Sortie n°25 Montbonnot
22%
Sortie n°15 Saint-Martin-le-Vinoux
22%
Sortie n°17 Saint-Martin-le-Vinoux
22%
Sortie n°24abc Crolles - Brignoud - Bernin
20%
Sortie n°5 Rondeau - Seyssins
20%
Sortie n°14 Saint-Egrève-Nord
18%
Sortie n°11 Saint-Paul-de-Varces
18%
Porte n°19 Porte de France
15%
Sortie n°4 Saint-Martin d'Hères-Centre - Teissere
12%
Sortie n°24.1 Villard-Bonnot - Saint-Ismier
11%
Sortie n°14 Col de Fau
4%
Sortie n°13 Sinard
4%
Sortie n°6 Echirolles-Est - Alpexpo-Grand Palace
3%
Sortie n°16 Polygone Scientifique
3%
Carrefour n°28 Carrefour de L'Europe
0%
Sortie n°3 En projet (Massenet)
0%
Aucun quiz correspondant
Distribution des résultats
% des personnes avec chaque résultat
Percentile par nombre de réponses
Votre historique - résultats
Vous n’avez pas pris ce quiz